000 00455nam a2200169Ia 4500
008 090711s9999 xx 000 0 und d
082 _b50851
100 _aSाव्हाण बियन
245 _aव्यत्यय
260 _c1985
300 _a188
600 _aSाव्हाण बियन
630 _aव्यत्यय
700 _aSाव्हाण बियन
730 _aव्यत्यय
942 _cBOOK
999 _c301449
_d301449